000 00850nas a2200265 4500
001 BR2013000159
003 BR-BrBNA
005 20231205121746.0
007 ta
008 230509b bl.|||p| |||| 00| 00por d
040 _aBR-BrBNA
_bpor
_cBiblioteca Nacional de Agricultura
041 _a(En)
072 _aL20
100 1 _aSantos, L.B.
100 1 _aReis, N.R. dos
100 1 _aOrsi, M.L.
245 1 _aTrophic ecology of Lontra longicaudis (Carnivora, Mustelidae)in lotic and semilotic environments in southeastern Brazil
650 _aLONTRA
650 _aMAMÍFERO AQUÁTICO
650 _aHÁBITO ALIMENTAR
650 _aCOMPORTAMENTO ANIMAL
773 0 _tIheringia. Série Zoologia (Brazil)
_xISSN 0073-4721
_g(Sep 2012), v. 102(3) p. 261-268
_wBR2013000159
909 _a202311
_bLúcia
_c55
_dLúcia Elande
942 _2AGRIS
_n0
_cANA
999 _c225099
_d225099